De 9e en 10e eeuw - Statistieken

Algemene statistieken
  • Deze quiz is 19 keer genomen
  • De gemiddelde score is 10 van 20
Antwoordstatistieken
Jaar Beschrijving Antwoord % Correct
845 Deze stad aan de Seine is veroverd door de Vikingen Parijs
100%
961 De Byzantijnen veroveren dit grote Griekse eiland Kreta
79%
874 Ingolfr Arnason is de eerste die op dit eiland gaat wonen IJsland
71%
814 Deze "grote" Frankische leider overlijdt Karel de Grote
64%
8e Dit getal is "uitgevonden" in India Nul
64%
820 Deze tak van de wiskunde wordt uitgevonden door Muḥammad ibn Mūsā al-Khwārizmī Algebra
57%
8e In China wordt dit dodelijk "poeder" uitgevonden Buskruit
57%
982 Erik de Rode vestigt een nederzetting op dit eiland Groenland
57%
996 Dit land wordt voor het eerst benoemd als Ostarrichi Oostenrijk
57%
829 Dit nationale dier van Wales verschijnt voor het eerst op de vlag Welsh Draak
57%
8e Dit systeem, met leenheren en leenmannen, wordt algemeen verspreidt in Europa Feodaliteit
50%
978 De bouw van de San Marco basiliek in deze stad begint Venetië
50%
958 Deze Deense koning komt aan de macht (kleur en iets in de mond) Harald Blauwtand
43%
8e Dit Midden-Amerikaanse Rijk gaat ten onder, het is nog niet bekend waar dit aan lag Maya
43%
850 Het Abbasid Kalifaat bereikt zijn grootste omvang, dit is de hoofdstad Bagdad
36%
969 Deze Afrikaanse stad wordt gesticht door Generaal Jawhar Caïro
29%
843 Macalpin I is de eerste koning van dit "land" Schotland
14%
960 Deze "muzikale" dynastie komt aan de macht in China Song
14%
878 Deze Angelsaksische koning wint de Slag van Edington Alfred De Grote
7%
944 Deze stad wordt de hoofdstad van het Khmer Rijk Angkor
7%
Geen overeenkomende quizzen gevonden
Scoreverdeling
Procent van Mensen met Elke Score
Percentiel versus Aantal Correcte Antwoorden
Uw Scoregeschiedenis
U heeft deze quiz nog niet genomen